| 000 | 00570nam a2200181Ia 4500 | ||
|---|---|---|---|
| 008 | 090122s9999 xx 000 0 und d | ||
| 082 |
_b13076 _a808.899282 |
||
| 100 |
_aमेहता _bशशिकला |
||
| 245 | _aहरी बासरीवाला | ||
| 260 |
_bदिलीपराज _c2004 |
||
| 300 | _a36 | ||
| 501 | _aदिलीपराज प्रकाशन | ||
| 600 | _aमेहता | ||
| 630 | _aहरी बासरीवाला | ||
| 700 | _aमेहता | ||
| 730 | _aहरी बासरीवाला | ||
| 942 | _cBOOK | ||
| 999 |
_c37153 _d37153 |
||